Communication systems.
Sparad:
| Huvudupphovsmän: | , |
|---|---|
| Materialtyp: | Okänd |
| Språk: | engelska |
| Publicerad: |
Hoboken, NJ., USA:
John Wiley & Sons, Inc.,
2010.
|
| Upplaga: | 5th Edition. |
| Ämnen: | |
| Taggar: |
Lägg till en tagg
Inga taggar, Lägg till första taggen!
|
MARC
| LEADER | 00000 a2200000 4500 | ||
|---|---|---|---|
| 003 | CL-VaPUC | ||
| 005 | 20220331115204.0 | ||
| 008 | 220331b2010 ||||| |||| 00| 0 eng d | ||
| 999 | |c 435222 |d 435220 | ||
| 020 | |a 978-0-470-16996-4 | ||
| 040 | |c Pontificia Universidad Católica de Valparaíso | ||
| 082 | 7 | |a 621.382 HAY 2010 |2 22 | |
| 100 | |a Haykin, Simon |9 867850 |e author | ||
| 245 | 1 | |a Communication systems. | |
| 250 | |a 5th Edition. |b International Student Version. | ||
| 260 | |a Hoboken, NJ., USA: |b John Wiley & Sons, Inc., |c 2010. | ||
| 300 | |a 422 páginas | ||
| 583 | |k Cristina María Rojas Aguilar |c 20220331 | ||
| 650 | |a Sistemas de telecomunicaciones |9 733147 | ||
| 650 | 0 | |a Teoría de sistemas |9 260742 | |
| 650 | 0 | |a Telecomunicaciones |9 257195 | |
| 700 | |a Moher, Michael |e author |9 867852 | ||
| 942 | |2 ddc |c BK |n 1 | ||
| 952 | |0 0 |1 0 |2 ddc |4 0 |6 621_382000000000000_HAY_2010 |7 0 |8 A |9 582321 |a BIBING |b BIBING |c GEN |d 2022-03-31 |e 74 |g 62311.00 |i 5650507 |l 1 |o 621.382 HAY 2010 |p 5650507 |r 2025-01-20 |s 2022-07-06 |t 1 |v 62311.00 |w 2022-03-31 |y BK |k EIE | ||